000 00646nam a2200181Ia 4500
003 GCL
008 140319s9999 xx 000 0 ara d
040 _aGCL /
_cGCL
082 0 4 _a224.03
_bإ م
100 1 _aاسماعيل احمد عمايره
245 1 0 _aمعجم الأدوات والضمائر فى القرآن الكريم : تكلمه المعجم الفهرس الألفاظ القرآن الكريم /
_cاسماعيل احمد عمايره
700 1 _aعبدالمجيد مصطفى السيد
300 _a813
490 _aكتاب
_v0
650 0 4 _aالمعاجم
650 0 4 _aالقران - الفاظ
942 _2ddc
_cBK
999 _c41733
_d41733